Hướng dẫn về ngưỡng chịu thuốc bảo vệ thực vật của các cây trồng ở Đài Loan

Wedi'i Gadw mewn:
Manylion Llyfryddiaeth
Prif Awdur: Sue Sun Wong
Fformat: Llyfr
Iaith:Undetermined
Cyhoeddwyd: Hà Nội Nông Nghiệp 2000
Pynciau:
Tagiau: Ychwanegu Tag
Dim Tagiau, Byddwch y cyntaf i dagio'r cofnod hwn!
Thư viện lưu trữ: Trung tâm Học liệu Trường Đại học Cần Thơ
LEADER 00665nam a2200169Ia 4500
001 CTU_40658
008 210402s9999 xx 000 0 und d
082 |a 632.95 
082 |b W873 
100 |a Sue Sun Wong 
245 0 |a Hướng dẫn về ngưỡng chịu thuốc bảo vệ thực vật của các cây trồng ở Đài Loan 
245 0 |c Sue Sun Wong; Dịch giả: Trần Văn Lài, Lê Thu Hà 
260 |a Hà Nội 
260 |b Nông Nghiệp 
260 |c 2000 
650 |a agricultural chemicals,herbicides,insecticides,pesticides,plant, protection of 
980 |a Trung tâm Học liệu Trường Đại học Cần Thơ